000
00267nam a22001097a 4500
082
_a
539.7 BUS'A
100
_a
BUSH, G.L,SILVIDI, A.A
_9
59672
245
_a
THE ATOM A SIMPLIFIED DESCRIPTION
260
_a
NEWYORK
_b
BARNES & NOBLE
_c
1961
300
_a
147P
942
_c
BK
999
_c
569593
_d
569593